Paroles - Elle a les yeux revolver - Marc Lavoine - Statistiques

Statistiques générales
  • Ce quiz a été pris 331 fois
  • Le résultat moyen est 221 sur 264
Statistiques - réponses
Réponse % Correct
a
100%
À
100%
elle
100%
Elle
100%
Le
100%
le
100%
les
99%
Les
99%
revolver
99%
yeux
99%
la
98%
m'a
98%
M'a
98%
qui
98%
regard
98%
tue
98%
foutu
96%
première
96%
C'est
95%
c'est
95%
tiré
95%
touché
95%
Et
86%
ça
84%
de
83%
en
83%
est
82%
j'aime
81%
arrière
80%
cheveux
80%
des
80%
je
80%
Je
80%
Un
80%
un
80%
visage
79%
célibataire
78%
comme
78%
peu
78%
se
78%
pâle
76%
si
73%
défendues
71%
défendus
71%
spéciale
70%
belle
69%
quand
69%
l'aime
68%
fort
67%
Tellement
67%
tellement
67%
jupes
66%
sous
66%
fendues
65%
dessine
63%
sur
62%
devine
59%
sort
57%
dort
56%
histoires
56%
seule
53%
malentendus
52%
terre
52%
On
49%
faire
48%
l'amour
47%
femme
45%
moments
44%
toujours
41%
mains
40%
moi
40%
mord
40%
vit
40%
tendues
38%
rêve
37%
gestes
36%
larguée
29%
draps
27%
inconnus
25%
Son
25%
corps
20%
s'achève
15%
Aucun quiz correspondant
Distribution des résultats
% des personnes avec chaque résultat
Percentile par nombre de réponses
Votre historique - résultats
Vous n’avez pas pris ce quiz